One Ring (LOTR) Quiz Stats

 Plays Quiz Updated Oct 18, 2018

Score 0/76 Timer 03:00
8 Plays Today
% Correct
the
97.9%
the
97.9%
the
97.9%
the
97.9%
the
97.9%
the
97.9%
the
97.9%
the
97.9%
the
97.9%
Ring
97.8%
Ring
97.8%
Ring
97.8%
to
94.4%
to
94.4%
to
94.4%
to
94.4%
One
93.9%
One
93.9%
One
93.9%
One
93.9%
them
92.1%
them,
92.1%
them
92.1%
them,
92.1%
on
91.8%
all,
90.2%
all
90.2%
rule
89.3%
in
85.2%
in
85.2%
in
85.2%
In
85.2%
Dark
83.3%
dark
83.3%
bind
83.2%
and
78.5%
darkness
78.1%
find
73.1%
% Correct
of
70.6%
of
70.6%
of
70.6%
Lord
70%
for
69.4%
for
69.4%
for
69.4%
for
69.4%
Three
67.4%
Men
67.2%
Rings
65.9%
Dwarf
64.8%
Nine
64.5%
Seven
63.9%
Mordor
60.3%
Mordor
60.3%
Kings
60.3%
Elven
59.2%
bring
58.3%
lords
56.5%
Land
54.7%
Land
54.7%
where
51.1%
where
51.1%
their
50.5%
halls
48.7%
Shadows
48.4%
Shadows
48.4%
stone.
47.3%
his
46.7%
lie.
46.7%
lie.
46.7%
Mortal
45.2%
throne,
45.1%
die.
43.4%
doomed
41.8%
under
39.6%
sky.
38.8%

You're not logged in!

Compare scores with friends on all Sporcle quizzes.
OR
Log In

Sporcle TV

Today on Sporcle TV


Watch our educational content, quiz creation guides, and fun videos on Sporcle TV.

Show Comments

Extras

Top Quizzes Today


Score Distribution

Your Account Isn't Verified!

In order to create a playlist on Sporcle, you need to verify the email address you used during registration. Go to your Sporcle Settings to finish the process.

Report this User

Report this user for behavior that violates our Community Guidelines.

Details: